000 00465nam a2200169Ia 4500
003 OSt
005 20260306101938.0
008 211028s2009 xx 000 0 und d
040 _cAIMIT LIBRARY
041 _aeng
100 _aK, Bhavya; Suchetha.
_g60471409
_92937
110 _aSanthosh Rebello.
_92938
245 _aPolice administration software /
260 _aMangalore
_c2009
710 _aAdstock Business Networks Intl Pvt Ltd
_92939
942 _2ddc
_cPRO
999 _c217064
_d217064